000 00769cab a2200253 4500
001 WB2743-35
008 090401t1991 xxu||||| |||| 00| 0 eng d
035 _a(Sirsi) u34208
041 _aeng
245 _aMAFF public expenditure
260 _c1991
350 _a0
490 _aMAFF News Release
_v(382) 6 November 1991, (6)
520 _aIn the Autumn statement expenditure has been announced for agriculture, fisheries and food, which includes ESAs, flood defence and Horticulture Research International.
650 _aAGRICULTURE
650 _aAUTUMN STATEMENT
650 _aCAP
650 _aCOASTAL DEFENCES
650 _aESAS
650 _aHORTICULTURE RESEARCH INTERNATIONAL
690 _aRURAL PRACTICE
942 _n0
948 _c04/03/1997
999 _c22687
_d22687